00787nam a2200181 a 4500003000200000005001700002008004100019050002800060100003100088245015700119260009000276300002800366504004100394650005300435650004300488650004600531650002800577020250203140139.0130824s19uu xx 00 eng d aPHS LB 1607b.T594 2013 aTiongson, Jose Fernando B. aExtracurricular activities and time management skills of Grade 11 students of Southville International School and Colleges /cJose Fernando B. Tiongson. aLas Piñas City, Philippines :bSouthville International School and Colleges,c2013. a30 p. :bill. ;c28 cm. aIncludes bibliographical references. aExtracurricular activitiesvEducational aspects. aHigh school studentsvTime management. aStudent activitiesvAcademic performance. aTime management skills.